| 000 | 00638nam a2200193 i 4500 | ||
|---|---|---|---|
| 001 | 162959 | ||
| 003 | ES-MaACL | ||
| 005 | 20250801094943.0 | ||
| 008 | 050706s1877 fr | |||||||| ||fre d | ||
| 040 |
_aCAM _bspa _cCAM |
||
| 100 | 1 |
_aRangabé, A.-R. _9131607 |
|
| 245 | 1 | 0 |
_aHistoire littéraire de la Grèce moderne / _cpar A.-R. Rangabé. |
| 260 |
_aParis : _bCalmann Levy éditeur, _c1877 ( _eBerlin : _fImprimerie C. Feicht) |
||
| 300 |
_a2 v. (266; 289 p.) ; _c19 cm. |
||
| 650 | 7 |
_aLiteratura griega _2embne _914597 |
|
| 752 |
_aFrancia - _dParís |
||
| 852 |
_aES-MaACL _jG-8769-8770 _z-- Enc. hol. |
||
| 999 |
_c162959 _d162959 |
||